000 01632nam2a2200301 4500
001 rc\3029161
005 20260315065020.0
035 _a(NLR Aleph) 007170191
090 _a13620621
_c13620621
100 _a20110930d1936 u y0rusy50 ca
101 0 _arus
102 _aRU
105 _aa z |||||
200 0 _a7
_h1
_iСнижение сопротивления движения бурильного раствора путем введения трубных замков полного внутреннего сечения
_fМарч, Р. Жилберт, В.
_h2
_iУдлинение срока службы и ремонт старых долотьев
_fБауи, С.
210 _d1936
215 _a24 с.
_cил., табл., черт., граф.
225 1 _aИностранная нефтяная техника
_fНКТП - СССР - Главнефть. Центр. ин-т социалист. обмена опытом нефтяной промышленности СССР
_vВып. 403
300 _aНастоящий выпуск входит в "Библиотечку технических переводов" по вопросам нефтяного бурения № 37
320 _aБиблиогр.: с. 23-24
461 0 _1001rc\3029156
_12000#$aПроблемы бурения$eIV-$v7
_97338067
_cБаку
_d1935
_nОНТИ Азнефтеиздат
_oIV-
_tПроблемы бурения
_v7
700 1 _aМарч
_bР.
701 1 _aЖилберт
_bВ.
701 1 _aБауи
_bС.
801 0 _aRU
_bNLR
_gpsbo
801 1 _aRU
_bELAR
_2rusmarc
852 _aNLR
_j35-17/383
942 _cUNSPEC
980 _aNB